Statistics for Answers Contain the Number Four

Click here to take the quiz!

General Stats

  • This quiz has been taken 38,537 times
    (13,670 since last reset)
  • The average score is 13 of 20

Answer Stats

Clue Answer % Correct
What a lucky clover hasFour Leaves
98%
Insult directed at a person
wearing glasses
Four Eyes
91%
Earth, air, fire, and waterFour Elements
90%
What a quadrangle hasFour Sides
85%
Intersection of Colorado, Arizona,
New Mexico, and Utah
Four Corners
77%
Old-fashioned bedFour-poster
71%
Vivaldi compositionFour Seasons
70%
Invisible Woman and companyFantastic Four
70%
What cows haveFour Stomachs
70%
Eighty, in the language of LincolnFourscore
69%
Harbingers of the ApocalypseFour Horsemen
69%
Hugh Grant movieFour Weddings
and a Funeral
61%
March Madness semifinalistsFinal Four
55%
Nickname of the BeatlesFab Four
55%
Scattered to the ...Four Winds
46%
Milton Bradley tabletop gameConnect Four
42%
Barrier broken by Roger BannisterFour Minute Mile
42%
Time signature of a waltz3/4
39%
"Ain't No Woman
(Like the One I've Got)"
Four Tops
33%
Sanguine, choleric, melancholic,
and phlegmatic
Four Humors
29%

Score Distribution

Percentile by Number Answered

Percent of People with Each Score

Your Score History

You have not taken this quiz since the last reset